000 00469 a2200205 4500
001 114933
020 _a9781407104287
041 _apor
090 _aYear 5 930
092 _a2013464963
100 _aDeary, Terry.
250 _a. ed.
300 _a139 p.
490 _aHorrible histories
830 _aHorrible histories
040 _aBR-BrIDEA
_cBR-BrIDEA
245 1 0 _aSavage stone age
_c Terry Deary
260 _a[S.l.]
_bScholastic
_c1999
942 _cBK
999 _c114933
_d114933